Postup pri podávaní sťažností

Postup pri podávaní a vybavovaní sťažností fyzických i právnických osôb. Sťažnosť a sťažovateľ. Vybavovanie sťažností. Utajenie identifikácie sťažovateľa pri prešetrovaní sťažnosti. Vybavuje sa aj anonymná sťažnosť? Lehoty na vybavenie sťažností, spolupráca pri vybavovaní a prešetrovanie sťažností.

Gespeichert in:
Bibliographische Detailangaben
1. Verfasser: Roháč, Ján
Format: Buchkapitel
Sprache:Slowakisch
Schlagworte:
Tags: Tag hinzufügen
Keine Tags, Fügen Sie das erste Tag hinzu!

MARC

LEADER 00000naa a2200000 4500
001 r046275
005 20230925130135.0
041 0 |a slo 
044 |a SK 
245 1 0 |a Postup pri podávaní sťažností  |c Ján Roháč 
520 |a Postup pri podávaní a vybavovaní sťažností fyzických i právnických osôb. Sťažnosť a sťažovateľ. Vybavovanie sťažností. Utajenie identifikácie sťažovateľa pri prešetrovaní sťažnosti. Vybavuje sa aj anonymná sťažnosť? Lehoty na vybavenie sťažností, spolupráca pri vybavovaní a prešetrovanie sťažností. 
610 2 0 |a sťažnosti 
610 2 0 |a osoby fyzické 
610 2 0 |a osoby právnické 
610 2 0 |a orgány štátne 
610 2 0 |a samospráva 
610 2 0 |a úpravy právne 
100 1 |a Roháč, Ján